[Event "Villalba op 1st"]
[Site "Villalba"]
[Date "2013.08.04"]
[Round "9.6"]
[White "Villanueva Arguinberri, Bruno"]
[Black "Fernandez Gallardo, Romero Alvaro"]
[Result "1-0"]
[WhiteElo "1961"]
[BlackElo "1798"]
[PlyCount "141"]
[EventDate "2013.07.27"]
[EventType "swiss"]
[EventRounds "9"]
[EventCountry "ESP"]
[SourceTitle "EXT 2024"]
[Source "ChessBase"]
[SourceDate "2023.10.10"]
[SourceVersion "1"]
[SourceVersionDate "2023.10.10"]
[SourceQuality "1"]

1. d4 d5 2. c4 c6 3. Nc3 Nf6 4. e3 e6 5. Bd3 dxc4 6. Bxc4 Nbd7 7. Nf3 b5 8. Bd3 Bb7 9. 0-0 a6 10. a3 c5 11. dxc5 Bxc5 12. b4 Be7 13. Qe2 Qc7 14. Bb2 Ng4 15. Be4 Nb6 16. h3 Nf6 17. Nxb5 axb5 18. Qxb5+ Nfd7 19. Be5 Ba6 20. Qxa6 Rxa6 21. Bxc7 0-0 22. Nd4 Nd5 23. Rfc1 f5 24. Bf3 N7f6 25. Nc6 Kf7 26. Nxe7 Kxe7 27. b5 Ra7 28. b6 Rb7 29. a4 Ne4 30. Rc4 Nxc7 31. bxc7 Rc8 32. Rac1 Ra7 33. Bxe4 fxe4 34. Kh2 Kf6 35. Rxe4 Rcxc7 36. Rb1 Rc6 37. Rb5 Raa6 38. g4 Rc2 39. Rf4+ Kg6 40. Kg3 Ra2 41. Re5 Rc2 42. h4 h6 43. Rfe4 Rcc6 44. f4 Kf7 45. a5 Rc1 46. Ra4 Rc3 47. Kf3 Rc1 48. Rb5 Rcc6 49. Rab4 Rc1 50. Ra4 Rcc6 51. Ke4 Kf6 52. Kd4 Rc1 53. Rb6 Rd1+ 54. Kc5 Ra8 55. f5 Rc8+ 56. Kb5 Rc2 57. Rxe6+ Kf7 58. Rb4 Rd5+ 59. Kb6 Ra2 60. a6 Rda5 61. Kb7 R2a3 62. Rbb6 R5a4 63. e4 Ra1 64. Kb8 R1a2 65. Rb7+ Kf8 66. Rc6 Kg8 67. a7 Rxe4 68. Rc8+ Kh7 69. a8Q Rxa8+ 70. Kxa8 Rxg4 71. f6 1-0

[Event "Villalba op 1st"]
[Site "Villalba"]
[Date "2013.08.01"]
[Round "6.2"]
[White "Fernandez Gallardo, Romero Alvaro"]
[Black "Aziz Ortego, Omar Luis"]
[Result "1-0"]
[WhiteElo "1798"]
[BlackElo "2045"]
[PlyCount "93"]
[EventDate "2013.07.27"]
[EventType "swiss"]
[EventRounds "9"]
[EventCountry "ESP"]
[SourceTitle "EXT 2024"]
[Source "ChessBase"]
[SourceDate "2023.10.10"]
[SourceVersion "1"]
[SourceVersionDate "2023.10.10"]
[SourceQuality "1"]

1. e4 c5 2. Nf3 d6 3. d4 cxd4 4. Nxd4 Nf6 5. Nc3 g6 6. Be2 Bg7 7. Be3 Nc6 8. h3 0-0 9. Qd2 d5 10. Nxc6 bxc6 11. exd5 cxd5 12. Bf3 Bb7 13. Rd1 e6 14. Bc5 Re8 15. 0-0 Nd7 16. Ba3 Qb6 17. Be2 Rec8 18. Nb5 Nc5 19. c3 Ne4 20. Qe3 Qxe3 21. fxe3 Bh6 22. Rf3 Rd8 23. Nd4 Rac8 24. Nb3 e5 25. Kh2 f5 26. h4 Nf6 27. Rh3 Rc7 28. Bb4 Rf7 29. c4 Ne4 30. Kg1 Kg7 31. Nc5 d4 32. Ne6+ Kf6 33. Nxd8 Rd7 34. exd4 exd4 35. Nxb7 Rxb7 36. Ba3 Ke5 37. Bd3 Be3+ 38. Rxe3 dxe3 39. Bxe4 Kxe4 40. Kf1 f4 41. Ke2 Rf7 42. Rd8 h6 43. Rg8 Kf5 44. Rf8 Rxf8 45. Bxf8 g5 46. Bxh6 gxh4 47. Kf3 1-0

[Event "Villalba op 1st"]
[Site "Villalba"]
[Date "2013.07.31"]
[Round "5.4"]
[White "Cano Cabanillas, Javier"]
[Black "Fernandez Gallardo, Romero Alvaro"]
[Result "0-1"]
[WhiteElo "1991"]
[BlackElo "1798"]
[PlyCount "60"]
[EventDate "2013.07.27"]
[EventType "swiss"]
[EventRounds "9"]
[EventCountry "ESP"]
[SourceTitle "EXT 2024"]
[Source "ChessBase"]
[SourceDate "2023.10.10"]
[SourceVersion "1"]
[SourceVersionDate "2023.10.10"]
[SourceQuality "1"]

1. e4 c5 2. Nf3 d6 3. d4 cxd4 4. Nxd4 Nf6 5. Nc3 a6 6. h3 e6 7. g4 d5 8. Nde2 Bb4 9. exd5 Nxd5 10. a3 Ba5 11. b4 Bb6 12. Ne4 f5 13. gxf5 exf5 14. Bg5 Qd7 15. N4c3 Nxc3 16. Nxc3 0-0 17. Bc4+ Kh8 18. 0-0 Qc6 19. Qd3 Qg6 20. Qg3 f4 21. Qg2 Bxh3 22. Qxh3 Qxg5+ 23. Kh2 f3 24. Nd5 Bd4 25. Rae1 Nc6 26. Bd3 h6 27. c4 Ne5 28. Rg1 Qd2 29. Qg3 Nxd3 30. Ne3 Nxe1 0-1

[Event "Collado Villalba op-B 29th"]
[Site "Collado Villalba"]
[Date "2012.08.30"]
[Round "7"]
[White "Sanz Varea, Jose M"]
[Black "Fernandez Gallardo, Romero Alvaro"]
[Result "1-0"]
[WhiteElo "1710"]
[BlackElo "1775"]
[PlyCount "81"]
[EventDate "2012.08.24"]
[EventType "swiss"]
[EventRounds "9"]
[EventCountry "ESP"]
[SourceTitle "CBM 150 Extra"]
[Source "ChessBase"]
[SourceDate "2012.10.19"]
[SourceVersion "1"]
[SourceVersionDate "2012.10.19"]
[SourceQuality "1"]

1. f4 d5 2. Nf3 Nf6 3. e3 g6 4. b3 Bg7 5. Bb2 c5 6. Bb5+ Bd7 7. Qe2 a6 8. Bxd7+ Qxd7 9. Ne5 Qc7 10. 0-0 Nc6 11. d3 Nd7 12. d4 cxd4 13. exd4 Ndxe5 14. fxe5 e6 15. c3 0-0 16. Ba3 Rfd8 17. Bd6 Qb6 18. Qf2 Rd7 19. Bc5 Qd8 20. Nd2 b6 21. Ba3 Bf8 22. Bc1 h6 23. Nf3 Ne7 24. g4 Nc6 25. Be3 b5 26. Qd2 Kh7 27. Rf2 Rc8 28. b4 Rcc7 29. Raf1 a5 30. a3 axb4 31. cxb4 Ra7 32. Ng5+ hxg5 33. Bxg5 f6 34. Rxf6 Nxe5 35. dxe5 Qb6+ 36. Be3 Bh6 37. Bxb6 Bxd2 38. Bxa7 Rxa7 39. Rf7+ Rxf7 40. Rxf7+ Kh6 41. Re7 1-0

[Event "Collado Villalba op-B 29th"]
[Site "Collado Villalba"]
[Date "2012.08.27"]
[Round "4"]
[White "Fernandez Gallardo, Romero Alvaro"]
[Black "Sadaba Rodriguez, Igor"]
[Result "1-0"]
[WhiteElo "1775"]
[BlackElo "1702"]
[PlyCount "85"]
[EventDate "2012.08.24"]
[EventType "swiss"]
[EventRounds "9"]
[EventCountry "ESP"]
[SourceTitle "CBM 150 Extra"]
[Source "ChessBase"]
[SourceDate "2012.10.19"]
[SourceVersion "1"]
[SourceVersionDate "2012.10.19"]
[SourceQuality "1"]

1. e4 c6 2. d4 d5 3. Nc3 dxe4 4. Nxe4 Bf5 5. Ng3 Bg6 6. h4 h6 7. h5 Bh7 8. Nf3 Nd7 9. Bd3 Bxd3 10. Qxd3 e6 11. Bf4 Qa5+ 12. Bd2 Bb4 13. c3 Be7 14. Bf4 Ngf6 15. Be5 Nxe5 16. Nxe5 c5 17. 0-0 Rd8 18. Rfe1 0-0 19. Qf3 Qc7 20. dxc5 Bxc5 21. Re2 Rd5 22. Nd3 b6 23. Nxc5 Qxc5 24. b4 Qc4 25. Rae1 Rc8 26. Re3 Qxa2 27. Ne4 Nxe4 28. Rxe4 Rf5 29. Qg3 Rxh5 30. Rg4 Rg5 31. Rxg5 hxg5 32. Qxg5 Qc4 33. Re3 f6 34. Qg6 e5 35. Rh3 Qc7 36. Rh7 Rd8 37. Qh5 Rd1+ 38. Kh2 e4+ 39. g3 Kf8 40. Qxd1 Qxc3 41. Qd8+ Kf7 42. Qd7+ Kg6 43. Rxg7+ 1-0

[Event "Collado Villalba op-B 29th"]
[Site "Collado Villalba"]
[Date "2012.08.26"]
[Round "3"]
[White "Largo Barbero, Benito"]
[Black "Fernandez Gallardo, Romero Alvaro"]
[Result "1/2-1/2"]
[WhiteElo "1902"]
[BlackElo "1775"]
[PlyCount "49"]
[EventDate "2012.08.24"]
[EventType "swiss"]
[EventRounds "9"]
[EventCountry "ESP"]
[SourceTitle "CBM 150 Extra"]
[Source "ChessBase"]
[SourceDate "2012.10.19"]
[SourceVersion "1"]
[SourceVersionDate "2012.10.19"]
[SourceQuality "1"]

1. d4 d5 2. Nf3 Nf6 3. Bf4 e6 4. e3 c5 5. c3 a6 6. Nbd2 Nc6 7. Bd3 cxd4 8. exd4 Be7 9. Rc1 0-0 10. h4 h5 11. Ng5 Bd6 12. Nh3 e5 13. dxe5 Nxe5 14. Bb1 Re8 15. Kf1 Neg4 16. Nf3 Bxf4 17. Nxf4 Qb6 18. Nd3 Ne4 19. Qb3 Qa7 20. Qa4 Bd7 21. Qd4 b6 22. Nfe5 Bb5 23. Kg1 Bxd3 24. Nxd3 Ngf6 25. Rh3 1/2-1/2

[Event "Collado Villalba op-B 29th"]
[Site "Collado Villalba"]
[Date "2012.08.25"]
[Round "2"]
[White "Fernandez Gallardo, Romero Alvaro"]
[Black "Pimienta Sanchez, Manuel"]
[Result "1/2-1/2"]
[WhiteElo "1775"]
[BlackElo "1890"]
[PlyCount "96"]
[EventDate "2012.08.24"]
[EventType "swiss"]
[EventRounds "9"]
[EventCountry "ESP"]
[SourceTitle "CBM 150 Extra"]
[Source "ChessBase"]
[SourceDate "2012.10.19"]
[SourceVersion "1"]
[SourceVersionDate "2012.10.19"]
[SourceQuality "1"]

1. e4 e6 2. d4 c5 3. Nf3 a6 4. Be3 cxd4 5. Nxd4 Nf6 6. Bd3 Nc6 7. 0-0 Be7 8. a3 0-0 9. c4 Ne5 10. Nc3 Nxd3 11. Qxd3 Ng4 12. Bd2 Qc7 13. Nf3 b6 14. h3 Ne5 15. Nxe5 Qxe5 16. f4 Qc7 17. f5 Bb7 18. Rae1 Rac8 19. b3 Bxa3 20. f6 g6 21. Kh1 Rfd8 22. e5 d6 23. Bh6 dxe5 24. Qe3 Qc6 25. Re2 Rd4 26. Bg7 Rcd8 27. Qh6 b5 28. Bh8 Bf8 29. Bg7 Qe8 30. cxb5 Rc8 31. Nd1 Rf4 32. Ref2 Qd8 33. Rxf4 exf4 34. Bxf8 Qxf8 35. Qxf4 axb5 36. Ne3 Rc5 37. Rd1 Bd5 38. Kh2 Rc8 39. Nxd5 exd5 40. Rxd5 b4 41. Rb5 h6 42. Rxb4 Kh7 43. Rb7 Rc5 44. Rb8 Rc8 45. Rxc8 Qxc8 46. Qc4 Qd7 47. Qf4 Qe6 48. Qd4 Qxb3 1/2-1/2

[Event "Almansa op-B 6th"]
[Site "Almansa"]
[Date "2011.08.10"]
[Round "2.7"]
[White "Fernandez Gallardo, Romero Alvaro"]
[Black "Garcia Ruano, Juan Carlos"]
[Result "1/2-1/2"]
[WhiteElo "1760"]
[BlackElo "1965"]
[PlyCount "80"]
[EventDate "2011.08.09"]
[EventType "swiss"]
[EventRounds "9"]
[EventCountry "ESP"]
[SourceTitle "EXT 2024"]
[Source "ChessBase"]
[SourceDate "2023.10.10"]
[SourceVersion "1"]
[SourceVersionDate "2023.10.10"]
[SourceQuality "1"]

1. e4 e6 2. d4 d5 3. exd5 exd5 4. Bd3 Bd6 5. Nf3 Nf6 6. Bg5 0-0 7. 0-0 Bg4 8. Nbd2 Nbd7 9. c4 dxc4 10. Bxc4 Nb6 11. Qb3 Nxc4 12. Nxc4 Be6 13. Qc2 Bd5 14. Nfe5 c6 15. Ne3 Be7 16. Nf5 Be6 17. Nxe7+ Qxe7 18. Rfe1 h6 19. Bh4 g5 20. Bg3 Rfd8 21. Rad1 Qb4 22. Nd3 Qc4 23. Qxc4 Bxc4 24. Nc5 b6 25. b3 Bd5 26. Na6 Rd7 27. f3 Nh5 28. Nb4 Nxg3 29. hxg3 Rad8 30. Nxd5 Rxd5 31. Rc1 R8d6 32. Re7 Rxd4 33. Rxa7 Re6 34. Ra6 c5 35. Rc2 Kg7 36. Kf2 Rd1 37. g4 Red6 38. Kg3 R1d2 39. Rxd2 Rxd2 40. Rxb6 Rxa2 1/2-1/2

[Event "Collado Villalba op-B 26th"]
[Site "Collado Villalba"]
[Date "2009.08.21"]
[Round "1"]
[White "Fernandez Gallardo, Romero Alvaro"]
[Black "Avendano Mateos, Ivan Jose"]
[Result "0-1"]
[WhiteElo "1640"]
[BlackElo "1925"]
[PlyCount "54"]
[EventDate "2009.08.21"]
[EventType "swiss"]
[EventRounds "9"]
[EventCountry "ESP"]
[SourceTitle "EXT 2011"]
[Source "ChessBase"]
[SourceDate "2010.11.26"]
[SourceVersion "1"]
[SourceVersionDate "2010.11.26"]
[SourceQuality "1"]

1. e4 c6 2. d4 d5 3. Nc3 dxe4 4. Nxe4 Nd7 5. Nf3 Ngf6 6. Ng3 e6 7. Bf4 Be7 8. Bd3 Nd5 9. Bd2 c5 10. c3 0-0 11. Qc2 N7f6 12. 0-0 b6 13. Rfe1 Bb7 14. Ne4 cxd4 15. Nxd4 Rc8 16. Nxf6+ Nxf6 17. Qb1 Qd5 18. f3 Bc5 19. Kh1 e5 20. Nb3 Qxf3 21. Re2 Qh5 22. Nxc5 bxc5 23. Qf1 e4 24. Bc2 Ba6 25. Bd1 Ng4 26. h3 f5 27. Kg1 Ne5 0-1